Detalles MARC
| 000 -CABECERA |
| campo de control de longitud fija |
02855nam a2200301 i 4500 |
| 001 - NÚMERO DE CONTROL |
| campo de control |
000045214 |
| 003 - IDENTIFICADOR DEL NÚMERO DE CONTROL |
| campo de control |
DO-SdBNP |
| 005 - FECHA Y HORA DE LA ÚLTIMA TRANSACCIÓN |
| campo de control |
20250530123702.0 |
| 007 - CAMPO FIJO DE DESCRIPCIÓN FÍSICA--INFORMACIÓN GENERAL |
| campo de control de longitud fija |
ta |
| 008 - DATOS DE LONGITUD FIJA--INFORMACIÓN GENERAL |
| campo de control de longitud fija |
250317s2003 dr a 000 0 spa d |
| 040 ## - FUENTE DE LA CATALOGACIÓN |
| Centro catalogador/agencia de origen |
DO-SdBNP |
| Lengua de catalogación |
spa |
| Centro/agencia transcriptor |
BNPHU |
| Normas de descripción |
rda |
| 041 ## - CÓDIGO DE LENGUA |
| Código de lengua original |
spa |
| 082 ## - NÚMERO DE LA CLASIFICACIÓN DECIMAL DEWEY |
| Número de clasificación |
346.7293048 |
| Número de documento/Ítem |
R426c |
| Número de edición |
22 |
| 110 1# - ENTRADA PRINCIPAL--NOMBRE DE ENTIDAD CORPORATIVA |
| Nombre de entidad corporativa o nombre de jurisdicción como elemento de entrada |
República Dominicana. |
| Unidad subordinada |
[Leyes, etc.] |
| 9 (RLIN) |
11088 |
| 245 ## - MENCIÓN DE TÍTULO |
| Título |
Compendio de informaciones referentes a la propiedad industrial : |
| Resto del título |
Ley 20-00 sobre la propiedad industrial |
| 264 ## - PRODUCCIÓN, PUBLICACIÓN, DISTRIBUCIÓN, FABRICACIÓN Y COPYRIGHT |
| Producción, publicación, distribución, fabricación y copyright |
Santo Domingo : |
| Nombre del de productor, editor, distribuidor, fabricante |
Pellerano y Herrera, |
| Fecha de producción, publicación, distribución, fabricación o copyright |
2003 |
| 300 ## - DESCRIPCIÓN FÍSICA |
| Extensión |
151 páginas ; |
| Dimensiones |
21 cm. |
| 336 ## - TIPO DE CONTENIDO |
| Término de tipo de contenido |
rdacontent |
| Código de tipo de contenido |
texto |
| Fuente |
txt |
| 337 ## - TIPO DE MEDIO |
| Nombre/término del tipo de medio |
rdamedia |
| Código del tipo de medio |
sin mediación |
| Fuente |
n |
| 338 ## - TIPO DE SOPORTE |
| Nombre/término del tipo de soporte |
rdacarrier |
| Código del tipo de soporte |
volumen |
| Fuente |
nc |
| 505 ## - NOTA DE CONTENIDO CON FORMATO |
| Nota de contenido con formato |
De las invencciones, los modelos de utilidad y los diseños industriales|Invenciones|Protección de las invenciones y derecho de la patente de invención 16|Procedimiento de concesión de la patente 20|Derechos, obligaciones y limitaciones relativos a la patente 28|Licencias obligatorias y otras medidas relativas a la explotación de las patentes 34|Modelos de utilidad 40|Diseños industriales|Protección de los diseños industriales 41|Procedimiento de registro 44|Normas relativas al diseño industrial registrado 45|De los signos distintivos|Definiciones|Marcas|Derecho sobre la marca 47|Procedimiento de registro de la marca 51|Duración y renovación del registro 54|Derechos, obligaciones y limitaciones|Relativos al registro 55|Transferencia y licencia de uso de la marca 57|Terminación del registro de la marca 59|Marcas colectivas 61|Marcas de certificación 64|Nombres comerciales, rotulos y emblemas|Nombres comerciales 65|Rotulos 67|Emblemas 67|Lemas comerciales|Indicaciones geográficas|Indicaciones geográficas en general 68|Denominaciones de origen 69|Normas comunes|Disposiciones generales 72|De la oficina nacional de la propiedad industrial|Composición, atribuciones y requisitos de los funcionarios de la oficina nacional de la propiedad industrial|Oficina nacional de la propiedad industrial 75|Del directorio 76|Procedimientos 80|Registros y publicidad 83|Clasificaciones 84|De las violaciones de los derechos de propiedad industrial|De las infracciones, procedimiento, sanciones y predescripción de los derechos de propiedad industrial 85|De la competencia desleal vinculada a la propiedad industrial|De los actos de competencia desleal 92|De las acciones por competencia desleal 94|Disposiciones transitorias y finales|Disposiciones transitorias 94|Disposiciones finales 96|Reglamento de las aplicaciones de la ley no. 20-00. sobre propiedad industrial 99 |
| 590 ## - NOTA LOCAL (RLIN) |
| Nota local |
Inventariado, 2025/DG |
| 650 #4 - PUNTO DE ACCESO ADICIONAL DE MATERIA--TÉRMINO DE MATERIA |
| Término de materia o nombre geográfico como elemento de entrada |
Propiedad industrial |
| Subdivisión general |
Legislación |
| Subdivisión geográfica |
República Dominicana |
| 9 (RLIN) |
8398 |
| 651 #7 - PUNTO DE ACCESO ADICIONAL DE MATERIA--NOMBRE GEOGRÁFICO |
| Nombre geográfico |
República Dominicana |
| Subdivisión general |
Ley No. 20-00 |
| 9 (RLIN) |
87924 |
| 830 ## - PUNTO DE ACCESO ADICIONAL DE SERIE-TÍTULO UNIFORME |
| Número de parte o sección de la obra |
4 |
| 9 (RLIN) |
73230 |
| 910 ## - DATOS DE OPCIÓN DEL USUARIO (OCLC) |
| Datos de opción del usuario |
DG |
| 942 ## - ELEMENTOS DE PUNTO DE ACCESO ADICIONAL (KOHA) |
| Fuente del sistema de clasificación o colocación |
Dewey Decimal Classification |
| Tipo de ítem Koha |
Libro |